APEC Schools

Jose Rizal in our times : (Record no. 4682)

000 -LEADER
fixed length control field nam a22 7a 4500
005 - DATE AND TIME OF LATEST TRANSACTION
control field 20181002030759.0
008 - FIXED-LENGTH DATA ELEMENTS--GENERAL INFORMATION
fixed length control field 180214b xxu||||| |||| 00| 0 eng d
020 ## - IDENTIFIER FOR THE MANIFESTATION
Identifier for the Manifestation 9710412815
Binding paperback
040 ## - CATALOGING SOURCE
Language of Cataloging eng
Transcribing Agency APEC Schools Library
Description Conventions rda
082 ## - DEWEY DECIMAL CLASSIFICATION NUMBER
Classification number F 959.902
Author's Number D494j 2014
100 1# - CREATOR
Preferred Name of the Person de Viana, Augusto V.
245 10 - TITLE AND STATEMENT OF RESPONSIBILITY
Preferred Title Proper Jose Rizal in our times :
Remainder of Title a guide for the better understanding of the Philippines' foremost national hero /
Statement of Responsibility/Parallel Statement of Responsibility by Augusto V. de Viana.
264 ## - PUBLICATION STATEMENT
Place of publication, distribution, etc Mandaluyong, PH :
Publisher's Name/Parallel Publisher's Name Books Atbp. Publishing,
Copyright ©2014.
Date of Publication [2014].
300 ## - PHYSICAL DESCRIPTION
Extent xvi, 350 pages :
Illustrative Content some illustration ;
Dimensions 26 cm
336 ## - RDA CONTENT
Source rdacontent
Content Type text
337 ## - RDA MEDIA
Source rdamedia
Media Type unmediated
338 ## - RDA CARRIER
Source rdacarrier
Carrier Type volume
504 ## - BIBLIOGRAPHY, ETC. NOTE
Bibliography, etc Includes bibliographical reference.
505 0# - CONTENTS
Related Work = Contents Dedication iii -- Foreword v -- Acknowledgments ix -- Rizal as a National Hero -- Why Filipinos Consider Rizal a National Hero 3 -- Why Filipino Students Are Required to Study the Life and Times of Rizal 13 -- Part II The Life of Rizal -- The World During Rizal's Time 27 -- The Childhood Years 47 -- A Manila Student: The Ateneo Years, 1872-1877 59 -- In the University of Santo Tomas, 1877-1882 75 -- Rizal in Europe: 1882-1885 97 -- Home After Five Years 113 -- Second Sojourn Abroad, 1888-1892 131 -- Arrest and Exile to Dapitan, 1892 149 -- Arrest, Trial and Execution, 1896 167 -- Part III Rizal's Many Facets -- Rizal, the Novelist 187 -- Political and Historical Writer 207 -- Rizal the Poet 217 -- The Various Aspects of Rizal 233 -- Rizal from the Various Perspectives 247 -- Part IV Rizal's Contemporaries -- The Contemporaries of Rizal 273 -- Appendices 295 -- Bibliography 349
600 ## - ADDED SUBJECT ACCESS POINT - PERSONAL NAME
Preferred Name of the Person Rizal, Jose P.
Dates Associated with the Person 1861-1896.
650 ## - ADDED SUBJECT ACCESS POINT - TOPICAL TERM
Topical Term Nationalists
General Subdivision Biography
Preferred Name for the Place Philippines.
678 ## - CREATOR BIOGRAPHICAL INFORMATION
Biographical Information Augusto de Viana obtained his degrees in Asian Studies, Master of Arts in History (cum laude) and Doctor of Philosophy in History (magna cum laude) from the University of Santo Tomas where he is currently position the Chair for the Department of History.
942 ## - ADDED ENTRY ELEMENTS (KOHA)
Source of Classification
Koha Item Type Books
Holdings
Library Site Location Shelving Location Source of Acquisition Full Classification Number Accession Number Koha Item Type
APEC Calumpang Library APEC Calumpang Library Filipiniana Institutional Fund F 959.902 D494j 2014 B10-0000076 Non Fiction
APEC Doña Juana Library APEC Doña Juana Library Filipiniana Institutional Fund F 959.902 D494j 2014 A02-0000055 Non Fiction
APEC España Library APEC España Library Filipiniana Institutional Fund F 959.902 D494j 2014 B11-0000064 Non Fiction
APEC Holy Spirit Library APEC Holy Spirit Library Filipiniana Institutional Fund F 959.902 D494j 2014 A03-0000065 Non Fiction
APEC JRU Lipa Library APEC JRU Lipa Library Filipiniana Institutional Fund F 959.902 D494j 2014 B12-0000097 Non Fiction
APEC Las Piñas Library APEC Las Piñas Library Filipiniana Institutional Fund F 959.902 D494j 2014 C01-0000102 Non Fiction
APEC Concepcion Dos Library APEC Marikina Heights Library Filipiniana Institutional Fund F 959.902 D494j 2014 C02-0000101 Non Fiction
APEC New Manila Library APEC New Manila Library Filipiniana Institutional Fund F 959.902 D494j 2014 C03-0000104 Non Fiction
APEC North Fairview Library APEC North Fairview Library Filipiniana Institutional Fund F 959.902 D494j 2014 A04-0000066 Non Fiction
APEC Ortigas Extension, Cainta Library APEC Ortigas Extension, Cainta Library Filipiniana Institutional Fund F 959.902 D494j 2014 B09-0000095 Non Fiction
APEC Tondo Library APEC Tondo Library Filipiniana Institutional Fund F 959.902 D494j 2014 A10-0000283 Non Fiction
APEC V. Luna Library APEC V. Luna Library Filipiniana Institutional Fund F 959.902 D494j 2014 A01-0000057 Non Fiction

Powered by Koha